| 000 | 01792pam a2200361 i 4500 | ||
|---|---|---|---|
| 005 | 20260322212003.0 | ||
| 008 | data | ||
| 010 | _a 2015024156 | ||
| 020 | _a9781451193237 | ||
| 020 | _a1451193238 | ||
| 020 | _a1496328442 | ||
| 020 | _a9781496328441 (electronic) | ||
| 040 |
_aDNLM _beng _erda _cDNLM |
||
| 041 | 0 | 9 | _aeng |
| 042 | _apcc | ||
| 044 | _9United States | ||
| 060 | 1 | 0 | _aWY 18.2 |
| 245 | 0 | 0 |
_aCore curriculum for forensic nursing / _c[edited by] Bonnie Price, Kathleen Maguire. |
| 250 | _a1st | ||
| 264 | 1 |
_aPhiladelphia : _bWolters Kluwer, _c[2016] |
|
| 300 |
_axiii, 266 pages : _billustrations |
||
| 336 |
_atext _2rdacontent |
||
| 337 |
_aunmediated _2rdamedia |
||
| 338 |
_avolume _2rdacarrier |
||
| 504 | _aIncludes bibliographical references and index. | ||
| 505 | 0 | _aIntroduction / Judy Waldman, Karen S. Neill -- Forensic nursing in the healthcare setting / Catherine Carter-Snell, Annie Lewis O'Connor -- Forensic nursing and the deceased / Pamela Tabor, Bobbi Jo O'Neal -- Forensic mental health nursing / Norah M. Sullivan, Ashley N. Smith -- Forensic correctional nursing / Georgia Perdue, MaryAnne C. Murray, Wesley A. Rivera -- Emerging issues : military forensic nursing / Michelle Ortiz -- Emerging issues : human trafficking / Donna Sabella -- Overarching issues : testifying / Judy Malmgren, Cyndi Leahy -- Overarching issues : vicarious trauma / Cyndi Leahy. | |
| 650 | 1 | 2 |
_aForensic Nursing _0https://id.nlm.nih.gov/mesh/D053604 |
| 655 | 2 |
_aOutline _0https://id.nlm.nih.gov/mesh/D020489 |
|
| 700 | 1 |
_aPrice, Bonnie, _eeditor. |
|
| 700 | 1 |
_aMaguire, Kathleen _c(Forensic nurse), _eeditor. |
|
| 856 | 4 |
_uhttps://www.r2library.com/Resource/Title/1451193238 _yLink to book at Rittenhouse R2. |
|
| 001 | data | ||
| 999 |
_c34 _d34 |
||